Magasin d'éducation et de récreátion / (Record no. 1408)

MARC details
000 -LEADER
campo de control de longitud fija 00890nas a2200241 i 4500
001 - NÚMERO DE CONTROL
campo de control 1408
003 - IDENTIFICADOR DE NÚMERO DE CONTROL
campo de control ES-MaACL
005 - FECHA Y HORA DE LA ÚLTIMA TRANSACCIÓN
campo de control 20251013212512.0
008 - DATOS DE LONGITUD FIJA--INFORMACIÓN GENERAL
campo de control de longitud fija 950801b18641906fr |0p | ||re d
080 ## - NÚMERO DE LA CLASIFICACIÓN DECIMAL UNIVERSAL
Número de la Clasificación Decimal Universal 44
080 ## - NÚMERO DE LA CLASIFICACIÓN DECIMAL UNIVERSAL
Número de la Clasificación Decimal Universal 82-93(082.2)
245 00 - MENCIÓN DEL TÍTULO
Título Magasin d'éducation et de récreátion /
Mención de responsabilidad, etc. publié par Jean Macé et P.J. Stahl.
260 ## - PUBLICACIÓN, DISTRIBUCIÓN, ETC.
Lugar de publicación, distribución, etc. Paris :
Nombre del editor, distribuidor, etc. Bibliothèque d'Education et de Récréation,
Fecha de publicación, distribución, etc. 1864-1906 (
Fabricante J. Claye)
300 ## - DESCRIPCIÓN FÍSICA
Extensión 2 v. :
Otras características físicas il. ;
Dimensiones 27 cm.
362 0# - FECHAS DE PUBLICACIÓN Y/O DESIGNACIÓN SECUENCIAL
Fecha de publicación y/o designación secuencial [1. année], t. 1 (1864)-30. année, t. 60 (1894) ; 1. année, t. 1 (1895)-12. année, t. 24 (1906)
650 #4 - PUNTO DE ACCESO ADICIONAL DE MATERIA--TÉRMINO DE MATERIA
Término de materia o nombre geográfico como elemento de entrada Revistas de información general.
9 (RLIN) 16896
650 #7 - PUNTO DE ACCESO ADICIONAL DE MATERIA--TÉRMINO DE MATERIA
Término de materia o nombre geográfico como elemento de entrada Literatura infantil
Fuente del encabezamiento o término embne
9 (RLIN) 148145
700 1# - ENTRADA AGREGADA--NOMBRE PERSONAL
Nombre de persona Macé, Jean,
Fechas asociadas al nombre 1815-1894
9 (RLIN) 129307
700 1# - ENTRADA AGREGADA--NOMBRE PERSONAL
Nombre de persona Hetzel, Pierre-Jules,
Fechas asociadas al nombre 1814-1886
9 (RLIN) 140303
852 ## - LOCALIZACIÓN
Ubicación ES-MaACL
Número de control de estantería F-15590-91
866 #0 - MENCIÓN TEXTUAL DE FONDOS--UNIDAD BIBLIOGRÁFICA BÁSICA
Fondos 1864-1865.
Holdings
Estatus retirado Estado de pérdida Estado de daño No para préstamo Colección Biblioteca de origen Biblioteca actual Ubicación en estantería Fecha de adquisición Fuente de adquisición Total de préstamos Signatura topográfica completa Código de barras Visto por última vez Precio de reemplazo Tipo de ítem Koha
        Periódicos y Revistas Biblioteca del Ateneo de Madrid Biblioteca del Ateneo de Madrid Sala Pecera Planta 2 17/01/2008     F-15590-91 1001436 23/02/2023 23/02/2023 Revista